000 00539cam a22002171 4500
001 ne 62000237
003 DLC
005 20260227111734.0
008 881028s1961 xx 000 0bara
010 _ane 62000237
035 _a(OCoLC)23500593
040 _aDLC
_cMiU
_dDLC
042 _apremarc
050 0 0 _aPJ7850.U48
_bZ88
100 1 _aṬalīʻ, Samāḥ.
245 1 3 _aal-Shaykh Ibrāhīm al-Mundhir.
260 _c[1961]
300 _a159 p.
_c20 cm.
500 _aRomanized.
600 1 0 _aMundhir, Ibrāhīm,
_d1875-1950.
999 _c45022
_d45022